00464nam a2200193 a 4500001001300000003000900013005001700022008004100039020001000080082001700090100001700107245001100124260004300135300000900178500003500187505001100222650002000233700001700253nice12345678IN_TiNIC20260116012518.0050524s1985 hyda grp 000 0 urd  ac10000a891.439bAWA aAwaz, Sayeed aKhaake aHyderabadbMaktaba Sher-O-Hikmatc1985 a149p aincludes index and biblioraphy2 aIndex. aLiterature-Urdu1 aAwaz, Sayeed